000 00915nam a2200217 a 4500
001 000041659
005 20201002035706.0
008 131015s1996 sp 000 0 spa d
020 _a840007632X
040 _aDO-SdBNP
_bspa
_cBNPHU
082 _axxx
_bxxx
100 1 _aReinhardt, Klaus
_915260
245 1 0 _aEstancia y predicación de Santiago Apóstol en España según Roa Dávila /
_cKlaus Reinhardt, Horacio Santiago-Otero.
260 _aMadrid :
_bCentro de Estudios Históricos,
_c1996.
300 _a101 p. ;
_c24 cm.
490 1 _aMedievalia et humanistica
_v6
500 _aIncluye datos biográficos de los autores en la solapa de la cubierta.
500 _aApéndice: Apologia pro defensione veritatis adventus in Hyspaniam et praedicationis personalis sancti Jacobi apostoli, Zebedaei maioris, in ipsa.
700 1 2 _aSantiago-Otero, Horacio
_915262
830 0 _aMedievalia et humanistica
_n6
_968449
999 _c41149
_d41149